Zóbel : (Record no. 28857)
[ view plain ]
| 000 -LEADER | |
|---|---|
| fixed length control field | 01872nam a2200265 i 4500 |
| 003 - CONTROL NUMBER IDENTIFIER | |
| control field | CSPC |
| 005 - DATE AND TIME OF LATEST TRANSACTION | |
| control field | 20250217150835.0 |
| 008 - FIXED-LENGTH DATA ELEMENTS--GENERAL INFORMATION | |
| fixed length control field | 250217s2022 sp a b 000 0 eng d |
| 040 ## - CATALOGING SOURCE | |
| Transcribing agency | CSPC |
| Original cataloging agency | CSPC |
| Language of cataloging | eng |
| Description conventions | rda |
| 050 04 - LIBRARY OF CONGRESS CALL NUMBER | |
| Classification number | N7329.Z63 |
| Item number | A4 2022 |
| 082 04 - DEWEY DECIMAL CLASSIFICATION NUMBER | |
| Classification number | 708 |
| Item number | Z197 |
| 245 00 - TITLE STATEMENT | |
| Title | Zóbel : |
| Remainder of title | the future of the past / |
| Statement of responsibility, etc. | edited by Felipe Pereda and Manuel Fontán del Junco. |
| 264 #1 - PRODUCTION, PUBLICATION, DISTRIBUTION, MANUFACTURE, AND COPYRIGHT NOTICE | |
| Place of production, publication, distribution, manufacture | Madrid : |
| Name of producer, publisher, distributor, manufacturer | Museo Nacional del Prado, |
| Date of production, publication, distribution, manufacture, or copyright notice | 2022. |
| 300 ## - PHYSICAL DESCRIPTION | |
| Extent | 279 pages : |
| Other physical details | illustrations ; |
| Dimensions | 29 cm. |
| 336 ## - CONTENT TYPE | |
| Source | rdacontent |
| Content type term | text |
| 337 ## - MEDIA TYPE | |
| Source | rdamedia |
| Media type term | unmediated |
| 338 ## - CARRIER TYPE | |
| Source | rdacarrier |
| Carrier type term | volume |
| 505 0# - FORMATTED CONTENTS NOTE | |
| Formatted contents note | In order to know how to paint about this exhibition -- Fernando Zóbel: The eternal present -- "that Proustain thing in painting" -- Dialogue Soliloquy: Zóbel's Imagery as Commentary -- Zóbel and the Philippine Interlocution -- Zóbel's Jungle: unwritten histories of Philippine Architecture, Chinese Calligraphy, Moro Graves, and a Spanish Apocalypse -- Works on Display Zóbel: The future of the past (1946-1984) -- I. The discovery of the past: from cambridge to Manila -- II. Drawing by painting: Asian Calligraphy and Abstract Painting -- III. Conversations with masters -- IV. Dialectic Images -- V. Landscapes of the Past and of the Future -- Zóbel: the life of an Enchanted Monk -- "What really makes one look": the dialogue between image and text in Zóbel's sketchbooks -- The Traveler and His Sketchbooks -- Zóbel: Humor and Caricature -- Fernando Zóbel de Ayala: a brief chronology -- Engaging in conversation with painting some textx by Zóbel (1949-1984) -- Selected bibliography. |
| 546 ## - LANGUAGE NOTE | |
| Language note | English. |
| 600 10 - SUBJECT ADDED ENTRY--PERSONAL NAME | |
| Personal name | Zóbel, Fernando |
| General subdivision | Exhibitions. |
| 700 1# - ADDED ENTRY--PERSONAL NAME | |
| Personal name | Pereda, Felipe |
| Relator term | editor. |
| 700 1# - ADDED ENTRY--PERSONAL NAME | |
| Personal name | del Junco, Manuel Fontán |
| Relator term | editor. |
| 942 ## - ADDED ENTRY ELEMENTS (KOHA) | |
| Source of classification or shelving scheme | Dewey Decimal Classification |
| Suppress in OPAC | No |
| Koha item type | Books |
| Item part | Z197 |
| Call number suffix | 2022 |
| Classification part | 708 |
| Call number prefix | 2022 |
| Withdrawn status | Lost status | Source of classification or shelving scheme | Damaged status | Not for loan | Home library | Current library | Shelving location | Date acquired | Total Checkouts | Full call number | Barcode | Date last seen | Copy number | Price effective from | Koha item type |
|---|---|---|---|---|---|---|---|---|---|---|---|---|---|---|---|
| Dewey Decimal Classification | Main Library | Main Library | Circulation Section | 02/17/2025 | CIR 708 Z197 2022 | 029013 | 02/17/2025 | 1-1 | 02/17/2025 | Books |